| Tag |
First Indicator |
Second Indicator |
Subfields |
| LEADER |
00000cam a2200000 a 4500 |
| 001 |
in00000002938 |
| 007 |
he bmb024bbca |
| 008 |
990218s1998 mdu bbs f000 0 eng d |
| 005 |
20230309222521.9 |
| 035 |
|
|
|a (OCoLC)40815279
|
| 035 |
|
|
|9 AJE4124AM
|
| 035 |
|
|
|a in00000002938
|
| 040 |
|
|
|a GPO
|c GPO
|d DLC
|d MvI
|d UtOrBLW
|
| 043 |
|
|
|a n-us---
|
| 049 |
|
|
|a UDOC
|
| 049 |
|
|
|a WWW
|
| 074 |
|
|
|a 0507-I-01 (MF)
|
| 074 |
|
|
|a 0507-I-01 (online)
|
| 086 |
0 |
|
|a HE 20.6502:N 93/4
|
| 245 |
0 |
0 |
|a Nursing homes--structure and selected characteristics, 1996.
|
| 246 |
2 |
|
|a Nursing homes, structure and selected characteristics, 1996
|
| 264 |
|
1 |
|a Rockville, MD :
|b U.S. Dept. of Health and Human Services, Public Health Service, Agency for Health Care Policy and Research,
|c [1998]
|
| 300 |
|
|
|a v, 17 pages
|
| 336 |
|
|
|a text
|b txt
|2 rdacontent
|
| 337 |
|
|
|a microform
|b h
|2 rdamedia
|
| 338 |
|
|
|a microfiche
|b he
|2 rdacarrier
|
| 490 |
1 |
|
|a AHCPR pub. ;
|v no. 98-0006
|
| 490 |
1 |
|
|a Research findings ;
|v #4
|
| 500 |
|
|
|a "MEPS."
|
| 500 |
|
|
|a Shipping list number: 99-0188-M.
|
| 500 |
|
|
|a "January 1998."
|
| 504 |
|
|
|a Includes bibliographical references (page 3).
|
| 533 |
|
|
|a Microfiche.
|b [Washington, D.C.] :
|c Supt. of Docs., U.S. G.P.O.,
|d [1998]
|e 1 microfiche : negative.
|
| 530 |
|
|
|a Also available via Internet from the AHCPR web site (PDF file).
|
| 500 |
|
|
|a Microform.
|
| 650 |
|
0 |
|a Nursing homes
|z United States
|v Statistics.
|
| 710 |
1 |
|
|a United States.
|b Agency for Health Care Policy and Research.
|
| 830 |
|
0 |
|a AHCPR pub. ;
|v no. 98-0006.
|
| 830 |
|
0 |
|a Research findings (United States. Agency for Health Care Policy and Research) ;
|v # 4.
|
| 856 |
4 |
1 |
|u https://purl.fdlp.gov/GPO/LPS2361
|z Adobe Acrobat required to view document
|t 0
|
| 999 |
|
|
|a MARS
|
| 999 |
f |
f |
|i e0b9fa83-2ad6-366f-8cf9-11cfd8a79454
|s cc97dbab-21ff-3c4a-9680-ecbc5f564520
|t 0
|
| 952 |
f |
f |
|p normal
|a Texas A&M University
|b College Station
|c Sterling C. Evans Library
|d Evans: US Documents Microfiche (3rd floor)
|t 0
|e HE 20.6502:N 93/4
|h Superintendent of Documents classification
|i microform -- microfiche
|m A14838220843
|
| 952 |
f |
f |
|a Texas A&M University
|b College Station
|c Electronic Resources
|d Available Online
|t 0
|e HE 20.6502:N 93/4
|h Superintendent of Documents classification
|
| 998 |
f |
f |
|a HE 20.6502:N 93/4
|t 0
|l Evans: US Documents Microfiche (3rd floor)
|
| 998 |
f |
f |
|a HE 20.6502:N 93/4
|t 0
|l Available Online
|